[Event "SVM_Verbandsliga_Nord_2023-24"]
[Site "?"]
[Date "2024.04.14"]
[Round "8.1"]
[Board "1"]
[White "Kocur,Alois"]
[Black "Hoffmann,Klaus-Peter"]
[WhiteTeam "SV Springer Hitdorf 1"]
[BlackTeam "SV KS Leverkusen 1"]
[WhiteElo "2242"]
[BlackElo "2160"]
[WhiteDWZ "2142"]
[BlackDWZ "2064"]
[Result "1-0"]
[PlyCount "79"]
[EventDate "2024.04.14"]
[SourceDate "2024.04.14"]
 
1. e4 g6 2. d4 Bg7 3. Nc3 c6 4. Bc4 d5 5. exd5 b5 6. Bb3 b4 7. Nce2 cxd5 8. a3
bxa3 9. Rxa3 Nf6 10. Nf3 O-O 11. O-O Nc6 12. Ne5 Bb7 13. Nd3 Na5 14. Nc5 Bc6
15. Ba4 Bxa4 16. Rxa4 Qb6 17. b3 Rfc8 18. Bf4 Nc6 19. Ra6 Qd8 20. c3 Nd7 21.
Nxd7 Qxd7 22. Qd3 f6 23. Rd1 Rd8 24. b4 e5 25. dxe5 fxe5 26. Bg5 Ne7 27. Ra5 e4
28. Qd2 Rac8 29. Bxe7 Qxe7 30. Rxd5 Rf8 31. Rd7 Qh4 32. Nd4 Bh6 33. Qe1 Rxc3
34. Ne6 Rf6 35. g3 Qg4 36. Rd8+ Kf7 37. Qxc3 Rxe6 38. R1d7+ Re7 39. Rxe7+ Kxe7
40. Qc7+ 1-0

[Event "SVM_Verbandsliga_Nord_2023-24"]
[Site "?"]
[Date "2024.04.14"]
[Round "8.1"]
[Board "3"]
[White "Schmitz,Andreas Arnold"]
[Black "Schmitz,Andreas"]
[WhiteTeam "SV Springer Hitdorf 1"]
[BlackTeam "SV KS Leverkusen 1"]
[WhiteElo "2019"]
[BlackElo "2014"]
[WhiteDWZ "2017"]
[BlackDWZ "1883"]
[Result "1/2-1/2"]
[PlyCount "109"]
[EventDate "2024.04.14"]
[SourceDate "2024.04.14"]
 
1. e4 e6 2. d4 d5 3. Nc3 Nf6 4. Bg5 Be7 5. e5 Nfd7 6. Bxe7 Qxe7 7. Nb5 Qd8 8.
c3 O-O 9. Bd3 a6 10. Na3 c5 11. Qh5 h6 12. Nf3 c4 13. Bc2 f5 14. O-O Qe8 15.
Qxe8 Rxe8 16. b4 Nf8 17. Rfb1 b5 18. Bd1 Bd7 19. Rb2 Bc6 20. Nb1 Nbd7 21. a4
Nb6 22. axb5 axb5 23. Rba2 Rxa2 24. Rxa2 Ra8 25. Rxa8 Nxa8 26. h4 Be8 27. Ne1
g6 28. f4 h5 29. Nf3 Nh7 30. Kf2 Nc7 31. Ke3 Kf8 32. Nbd2 Kg7 33. Ng1 Bd7 34.
Nh3 Be8 35. Nf3 Nf8 36. Nhg5 Bd7 37. Nd2 Be8 38. Bf3 Bd7 39. Nf1 Nh7 40. Nxh7
Kxh7 41. Bd1 Kg7 42. Nh2 Na8 43. Nf3 Nc7 44. Ng5 Kg8 45. Kd2 Kg7 46. Kc1 Kg8
47. Bf3 Kg7 48. Nh3 Kg8 49. Nf2 Kg7 50. Nd1 Kf7 51. Ne3 Ke7 52. Kb2 Be8 53. Nd1
Bd7 54. Nf2 Kf7 55. Nh3 {(=)} 1/2-1/2

[Event "SVM_Verbandsliga_Nord_2023-24"]
[Site "?"]
[Date "2024.04.14"]
[Round "8.1"]
[Board "5"]
[White "Pyrowicz,Jacek"]
[Black "Wirtz,Uwe"]
[WhiteTeam "SV Springer Hitdorf 1"]
[BlackTeam "SV KS Leverkusen 1"]
[WhiteElo "1852"]
[BlackElo "1992"]
[WhiteDWZ "1830"]
[BlackDWZ "1782"]
[Result "1-0"]
[PlyCount "51"]
[EventDate "2024.04.14"]
[SourceDate "2024.04.14"]
 
1. d4 d5 2. c4 e6 3. Nc3 Nf6 4. cxd5 exd5 5. Bg5 Be7 6. e3 O-O 7. Bd3 c5 8. Qc2
h6 9. Bxf6 Bxf6 10. dxc5 d4 11. O-O-O Nc6 12. a3 Bd7 13. Ne4 Be5 14. Nf3 Qe7
15. Nxe5 Qxe5 16. f4 Qe7 17. exd4 Nxd4 18. Qc3 Nc6 19. Kb1 f5 20. Bc4+ Kh8 21.
Nd6 Nd8 22. Rhe1 Qf6 23. Qxf6 Rxf6 24. Nf7+ Nxf7 25. Rxd7 Nd8 26. Re8+ 1-0

[Event "SVM_Verbandsliga_Nord_2023-24"]
[Site "?"]
[Date "2024.04.14"]
[Round "8.1"]
[Board "6"]
[White "Asadzade,Muhammed"]
[Black "Schmitz,Manuela"]
[WhiteTeam "SV KS Leverkusen 1"]
[BlackTeam "SV Springer Hitdorf 1"]
[WhiteElo "1687"]
[BlackElo "1840"]
[WhiteDWZ "1715"]
[BlackDWZ "1853"]
[Result "1/2-1/2"]
[PlyCount "110"]
[EventDate "2024.04.14"]
[SourceDate "2024.04.14"]
 
1. d4 d5 2. c4 e6 3. Nc3 Nf6 4. Nf3 c6 5. e3 Nbd7 6. Bd3 Bd6 7. O-O O-O 8. Re1
dxc4 9. Bxc4 e5 10. e4 Qc7 11. d5 Nb6 12. Bb3 h6 13. Bd2 Bg4 14. h3 Bh5 15. g4
Bg6 16. Nh4 Bh7 17. Rc1 Qd7 18. Qf3 Be7 19. Nf5 Bxf5 20. exf5 cxd5 21. Rxe5 Nc4
22. Bxc4 dxc4 23. Rd1 Qc7 24. Rb5 b6 25. Bf4 Qc8 26. Nd5 Nxd5 27. Rbxd5 Qc6 28.
Be5 Rad8 29. Kg2 f6 30. Rxd8 Qxf3+ 31. Kxf3 Rxd8 32. Rxd8+ Bxd8 33. Bd4 a6 34.
Ke4 b5 35. Kd5 Kf7 36. Kc6 Ke8 37. Kb7 Kd7 38. Kxa6 Kc6 39. Bc3 Be7 40. a3 Bc5
41. Bb4 Bd4 42. Bc3 Bxf2 43. a4 bxa4 44. Ka5 a3 45. bxa3 Bc5 46. Ka4 Kd5 47.
Be1 Ke4 48. Kb5 Bxa3 49. Kxc4 Kf4 50. Kd5 h5 51. Bc3 hxg4 52. hxg4 Kxg4 53. Ke6
Bc1 54. Bxf6 gxf6 55. Kxf6 Bb2+ {(=)} 1/2-1/2

[Event "SVM_Verbandsliga_Nord_2023-24"]
[Site "?"]
[Date "2024.04.14"]
[Round "8.1"]
[Board "7"]
[White "Kocur,Beata"]
[Black "Granz,Thomas"]
[WhiteTeam "SV Springer Hitdorf 1"]
[BlackTeam "SV KS Leverkusen 1"]
[WhiteElo "1888"]
[BlackElo "1763"]
[WhiteDWZ "1792"]
[BlackDWZ "1738"]
[Result "1/2-1/2"]
[PlyCount "46"]
[EventDate "2024.04.14"]
[SourceDate "2024.04.14"]
 
1. e4 e5 2. Nf3 Nc6 3. Nc3 Nf6 4. d3 d6 5. Be2 Be7 6. O-O O-O 7. d4 exd4 8.
Nxd4 Nxd4 9. Qxd4 c5 10. Qd1 Be6 11. Bf3 Rc8 12. Re1 Qc7 13. Bf4 Rfd8 14. Qe2
a6 15. Nd5 Bxd5 16. exd5 Re8 17. Qd2 Nd7 18. Rad1 Bf6 19. Bg4 Rcd8 20. Bxd7
Qxd7 21. c3 h6 22. Re3 Rxe3 23. Qxe3 Re8 {(=)} 1/2-1/2

[Event "SVM_Verbandsliga_Nord_2023-24"]
[Site "?"]
[Date "2024.04.14"]
[Round "8.2"]
[Board "1"]
[White "Eulering,Georg"]
[Black "Kersten,Alexander"]
[WhiteTeam "SF Schlebusch 1"]
[BlackTeam "BSG Rheinpark 1"]
[WhiteElo "2090"]
[BlackElo "2063"]
[WhiteDWZ "2102"]
[BlackDWZ "1929"]
[Result "1-0"]
[PlyCount "95"]
[EventDate "2024.04.14"]
[SourceDate "2024.04.14"]
 
1. e4 g6 2. d4 Bg7 3. Nc3 a6 4. Be3 d6 5. Be2 c6 6. h3 Nd7 7. Nf3 Qc7 8. a4 b6
9. Qd2 e6 10. O-O h6 11. Nh2 Ne7 12. b4 a5 13. b5 c5 14. d5 e5 15. Bc4 Bb7 16.
Ng4 h5 17. Nh2 O-O-O 18. Nf3 f6 19. h4 Ng8 20. Rfe1 Nh6 21. Qd3 Rdg8 22. Nd1
Qd8 23. Bd2 Kc7 24. Kf1 Bc8 25. Rb1 Qe7 26. Qb3 Bb7 27. Bxa5 bxa5 28. b6+ Kd8
29. Qb5 Nb8 30. Qxa5 Ke8 31. Qa7 Kf7 32. a5 Rd8 33. Nc3 Rd7 34. Bb5 Rhd8 35.
Bxd7 Qxd7 36. Nb5 Ba6 37. c4 Qb7 38. Rec1 Rd7 39. Qxb7 Bxb7 40. Ra1 Ba6 41.
Rcb1 Ke7 42. Nc7 Bxc4+ 43. Ke1 Ba6 44. Nxa6 Nxa6 45. b7 Rd8 46. Rb6 Nb8 47. a6
Nxa6 48. Raxa6 1-0

[Event "SVM_Verbandsliga_Nord_2023-24"]
[Site "?"]
[Date "2024.04.14"]
[Round "8.2"]
[Board "2"]
[White "Marcks,Martin"]
[Black "Pyka,Andreas"]
[WhiteTeam "BSG Rheinpark 1"]
[BlackTeam "SF Schlebusch 1"]
[WhiteElo "2141"]
[BlackElo "2084"]
[WhiteDWZ "1987"]
[BlackDWZ "2014"]
[Result "1-0"]
[PlyCount "59"]
[EventDate "2024.04.14"]
[SourceDate "2024.04.14"]
 
1. e4 g6 2. d4 Bg7 3. Nc3 d6 4. Be3 a6 5. a4 Nc6 6. h3 e5 7. Nge2 Nf6 8. Qd2
O-O 9. d5 Nb4 10. a5 c6 11. Ra4 Nxe4 12. Nxe4 Nxd5 13. N2c3 Nxe3 14. fxe3 d5
15. Nf2 b5 16. axb6 Qxb6 17. Ncd1 Be6 18. Qa5 Qb8 19. Qc5 Rc8 20. Qe7 Bf8 21.
Qh4 a5 22. Be2 f5 23. g4 f4 24. exf4 exf4 25. Nd3 h6 26. Qf6 Bf7 27. Rxf4 Ra7
28. Rf3 Re8 29. Qf4 Re4 30. Qxb8 1-0

[Event "SVM_Verbandsliga_Nord_2023-24"]
[Site "?"]
[Date "2024.04.14"]
[Round "8.2"]
[Board "3"]
[White "Themm,Rainer"]
[Black "Lattermann,Stefan"]
[WhiteTeam "SF Schlebusch 1"]
[BlackTeam "BSG Rheinpark 1"]
[WhiteElo "1968"]
[BlackElo "2121"]
[WhiteDWZ "1831"]
[BlackDWZ "1968"]
[Result "0-1"]
[PlyCount "100"]
[EventDate "2024.04.14"]
[SourceDate "2024.04.14"]
 
1. d4 d5 2. c4 e6 3. Nc3 c5 4. e3 Nf6 5. Nf3 Nc6 6. cxd5 Nxd5 7. a3 Be7 8. Be2
cxd4 9. exd4 O-O 10. O-O b6 11. Bc4 Nxc3 12. bxc3 Bb7 13. Bb2 Rc8 14. Qe2 Qc7
15. Bd3 Bf6 16. Rfe1 Rfd8 17. Rac1 g6 18. Ba6 Bxa6 19. Qxa6 Rd5 20. Qe2 Na5 21.
Nd2 Nc4 22. Nxc4 Qxc4 23. Qxc4 Rxc4 24. f4 Rb5 25. Re2 Kf8 26. Rd1 Be7 27. g3
Ra4 28. Kg2 Bxa3 29. Bxa3+ Rxa3 30. c4 Rba5 31. d5 exd5 32. cxd5 Ra2 33. Rdd2
Rxd2 34. Rxd2 Ke7 35. d6+ Kd7 36. Kf3 Rc5 37. Ke4 f5+ 38. Ke3 Rc6 39. Ra2 a5
40. Kd4 Kxd6 41. Rb2 Kc7 42. Kd5 Rc5+ 43. Ke6 a4 44. Kf6 a3 45. Ra2 Ra5 46. Kg7
b5 47. Kxh7 b4 48. Rc2+ Kb6 49. Kxg6 a2 50. Rc1 b3 0-1

[Event "SVM_Verbandsliga_Nord_2023-24"]
[Site "?"]
[Date "2024.04.14"]
[Round "8.2"]
[Board "4"]
[White "Dizdarevic,Alen"]
[Black "König,Linus"]
[WhiteTeam "BSG Rheinpark 1"]
[BlackTeam "SF Schlebusch 1"]
[WhiteElo "1845"]
[BlackElo "1592"]
[WhiteDWZ "1771"]
[BlackDWZ "1740"]
[Result "1/2-1/2"]
[PlyCount "75"]
[EventDate "2024.04.14"]
[SourceDate "2024.04.14"]
 
1. d4 Nf6 2. Nf3 d5 3. e3 Bf5 4. c4 e6 5. Nc3 c6 6. Qb3 Qc8 7. Nh4 Bg6 8. Nxg6
hxg6 9. g3 Bd6 10. Bg2 Nbd7 11. O-O O-O 12. Bd2 dxc4 13. Qxc4 e5 14. Rac1 Re8
15. b4 Nb6 16. Qb3 Qe6 17. Qxe6 Rxe6 18. b5 exd4 19. exd4 Bb4 20. bxc6 bxc6 21.
Nb1 Bxd2 22. Nxd2 Rd8 23. Nb3 Re2 24. a3 Rb2 25. Rb1 Rxb1 26. Rxb1 Nc4 27. Bxc6
Nxa3 28. Ra1 Nc2 29. Rxa7 Nxd4 30. Nxd4 Rxd4 31. Bf3 Ne4 32. Bxe4 Rxe4 33. Kg2
g5 34. h3 f6 35. Kf3 Rb4 36. Rc7 Kh7 37. Ra7 Kg6 38. Ra6 {(=)} 1/2-1/2

[Event "SVM_Verbandsliga_Nord_2023-24"]
[Site "?"]
[Date "2024.04.14"]
[Round "8.3"]
[Board "1"]
[White "Wrzesniak,Marek"]
[Black "Pericic,Boris"]
[WhiteTeam "Bayer Leverkusen 2"]
[BlackTeam "Lasker Köln 3"]
[WhiteElo "2031"]
[BlackElo "1897"]
[WhiteDWZ "1904"]
[BlackDWZ "1821"]
[Result "1-0"]
[PlyCount "85"]
[EventDate "2024.04.14"]
[SourceDate "2024.04.14"]
 
1. d4 Nf6 2. Nf3 c5 3. e3 b6 4. g3 Bb7 5. Bg2 d6 6. O-O Nbd7 7. c4 e5 8. dxe5
dxe5 9. Nc3 Be7 10. b3 O-O 11. Bb2 Qc7 12. Nb5 Qc6 13. Nh4 e4 14. Nf5 Rfe8 15.
Nfd6 Red8 16. Nxb7 Qxb7 17. Qc2 Rab8 18. Nc3 Qa6 19. Nxe4 Ng4 20. h3 Nh6 21.
Nc3 Qc8 22. Nd5 Bf8 23. Be4 b5 24. Bxh7+ Kh8 25. Be4 bxc4 26. bxc4 Re8 27. Bg2
Re6 28. Nf4 Ra6 29. g4 Nb6 30. g5 Nf5 31. Qe2 Kg8 32. Qh5 Nxc4 33. g6 Nh6 34.
gxf7+ Nxf7 35. Bd5 Qe8 36. Bxc4 Rxb2 37. Bxa6 Qa4 38. Bd3 Nh6 39. Qd5+ Nf7 40.
Bc4 Qe8 41. Rab1 Rb6 42. Rxb6 axb6 43. Qxf7+ 1-0

[Event "SVM_Verbandsliga_Nord_2023-24"]
[Site "?"]
[Date "2024.04.14"]
[Round "8.3"]
[Board "6"]
[White "Janknecht,Eckart"]
[Black "Kurth,Laurenz"]
[WhiteTeam "Lasker Köln 3"]
[BlackTeam "Bayer Leverkusen 2"]
[WhiteElo "1715"]
[BlackElo "1380"]
[WhiteDWZ "1807"]
[BlackDWZ "1560"]
[Result "1-0"]
[PlyCount "107"]
[EventDate "2024.04.14"]
[SourceDate "2024.04.14"]
 
1. e4 e5 2. Nf3 Nc6 3. Bb5 Nf6 4. O-O Nxe4 5. Re1 Nd6 6. Bxc6 dxc6 7. Nxe5 Be7
8. d4 O-O 9. b3 Nf5 10. Bb2 Bf6 11. Na3 Be6 12. c4 Qd6 13. Nc2 Rfe8 14. Qf3
Rad8 15. Rad1 Qf8 16. Qf4 g5 17. Qc1 Qg7 18. a4 h5 19. a5 a6 20. Kh1 Bc8 21. b4
Nxd4 22. Bxd4 Bxe5 23. Bxe5 Rxd1 24. Rxd1 f6 25. Bc3 Bf5 26. Ne3 Be4 27. Qd2
Qg6 28. Qd4 f5 29. f3 f4 30. fxe4 fxe3 31. Qh8+ Kf7 32. Rf1+ Ke7 33. Qf6+ Qxf6
34. Bxf6+ Kd7 35. Rd1+ Ke6 36. Bxg5 Kf7 37. Bxe3 Rxe4 38. Bf2 Rxc4 39. Rd4 Rc1+
40. Bg1 Kg6 41. h4 Rb1 42. Kh2 Rb2 43. Kg3 Kf6 44. Rf4+ Kg6 45. Be3 Rb3 46. Kf3
Rb1 47. Re4 Rf1+ 48. Ke2 Rh1 49. Bg5 Rb1 50. g3 Rb3 51. Bf4 Kf5 52. Re5+ Kg6
53. Rg5+ Kh6 54. Rb5+ 1-0

[Event "SVM_Verbandsliga_Nord_2023-24"]
[Site "?"]
[Date "2024.04.14"]
[Round "8.4"]
[Board "1"]
[White "Rau,Nikita"]
[Black "Jülich,Thomas"]
[WhiteTeam "Godesberger SK 4"]
[BlackTeam "Pulheimer SC 1"]
[WhiteElo "2027"]
[BlackElo "2145"]
[WhiteDWZ "2072"]
[BlackDWZ "1961"]
[Result "1-0"]
[PlyCount "63"]
[EventDate "2024.04.14"]
[SourceDate "2024.04.14"]
 
1. d4 Nf6 2. Bf4 g6 3. Nc3 Bg7 4. e4 d6 5. Qd2 c6 6. Bh6 Bxh6 7. Qxh6 Qa5 8. f3
Nbd7 9. O-O-O g5 10. Kb1 Rg8 11. g4 a6 12. Qh3 Nf8 13. Qg3 h5 14. h3 Ng6 15.
Bc4 b5 16. Bb3 Nf4 17. e5 dxe5 18. dxe5 Nd7 19. Nge2 h4 20. Qh2 Nxe2 21. Qxe2
Nc5 22. Ne4 Ne6 23. Qe3 b4 24. Rhe1 Bd7 25. Rxd7 Kxd7 26. Bxe6+ fxe6 27. Nc5+
Kc7 28. Nxe6+ Kb8 29. Rd1 Kc8 30. Nxg5 Rb8 31. Qb3 Qxe5 32. Qxg8+ 1-

[Event "SVM_Verbandsliga_Nord_2023-24"]
[Site "?"]
[Date "2024.04.14"]
[Round "8.4"]
[Board "2"]
[White "Laschewski,Andreas"]
[Black "Schumacher,Markus"]
[WhiteTeam "Pulheimer SC 1"]
[BlackTeam "Godesberger SK 4"]
[WhiteElo "1963"]
[BlackElo "1845"]
[WhiteDWZ "1910"]
[BlackDWZ "1867"]
[Result "1/2-1/2"]
[PlyCount "73"]
[EventDate "2024.04.14"]
[SourceDate "2024.04.14"]
 
1. d4 Nf6 2. Nf3 g6 3. c3 d5 4. e3 Bg7 5. Bd3 Nbd7 6. O-O O-O 7. Nbd2 c5 8. e4
dxe4 9. Nxe4 Nxe4 10. Bxe4 Nf6 11. Bc2 cxd4 12. Qxd4 Bg4 13. Qxd8 Rfxd8 14. h3
Bxf3 15. gxf3 Rac8 16. Be3 b6 17. Rad1 e6 18. Rxd8+ Rxd8 19. Rd1 Rxd1+ 20. Bxd1
Nd5 21. Bc1 Bxc3 22. bxc3 Nxc3 23. Bb2 Nxd1 24. Ba1 b5 25. a3 a5 26. Kf1 b4 27.
Ke2 Nc3+ 28. Bxc3 bxc3 29. Kd3 c2 30. Kxc2 Kf8 31. Kb3 Ke7 32. Ka4 Kd6 33. Kxa5
Kc5 34. a4 e5 35. Ka6 Kc6 36. Ka5 Kc5 37. Ka6 {(=)} 1/2-1/2

[Event "SVM_Verbandsliga_Nord_2023-24"]
[Site "?"]
[Date "2024.04.14"]
[Round "8.4"]
[Board "7"]
[White "Große-Gehling,Thomas"]
[Black "Knobeloch,Olaf"]
[WhiteTeam "Godesberger SK 4"]
[BlackTeam "Pulheimer SC 1"]
[WhiteElo "1813"]
[BlackElo "1618"]
[WhiteDWZ "1663"]
[BlackDWZ "1556"]
[Result "1-0"]
[PlyCount "101"]
[EventDate "2024.04.14"]
[SourceDate "2024.04.14"]
 
1. e4 c6 2. d4 d5 3. Nc3 dxe4 4. Nxe4 Nf6 5. Nxf6+ exf6 6. h3 Bd6 7. Nf3 Be6 8.
Be3 O-O 9. Bd3 Re8 10. Qd2 a5 11. a4 Bb4 12. c3 Bd6 13. O-O Nd7 14. Nh4 Nf8 15.
f4 g6 16. f5 Bd7 17. Rae1 g5 18. Nf3 b5 19. axb5 cxb5 20. Qd1 Bg3 21. Bf2 Bxf2+
22. Rxf2 Rxe1+ {(=)} 23. Qxe1 Qc7 24. Nd2 Re8 25. Re2 Rxe2 26. Qxe2 Qb6 27. Qe7
Kg7 28. g4 Qc7 29. Ne4 Qf4 30. Qxf6+ Kg8 31. Qxg5+ Qxg5 32. Nxg5 Bc6 33. Be4
Bxe4 34. Nxe4 b4 35. cxb4 axb4 36. Kf2 Nd7 37. Ke3 Kf8 38. Kd3 Ke7 39. Kc4 Nb6+
40. Kxb4 Nd5+ 41. Kc5 Nf4 42. Nf2 Kf6 43. b4 h5 44. b5 Nxh3 45. Nxh3 hxg4 46.
Ng1 Kxf5 47. b6 Ke4 48. b7 f5 49. b8=Q f4 50. Qe8+ Kf5 51. Qe5+ 1-0

[Event "SVM_Verbandsliga_Nord_2023-24"]
[Site "?"]
[Date "2024.04.14"]
[Round "8.5"]
[Board "1"]
[White "Wieferig,Wolfgang"]
[Black "Distelrath,Stephan"]
[WhiteTeam "Schachuzipus 1"]
[BlackTeam "Ford SF Köln 1"]
[WhiteElo "2233"]
[BlackElo "2066"]
[WhiteDWZ "2141"]
[BlackDWZ "2127"]
[Result "1-0"]
[PlyCount "75"]
[EventDate "2024.04.14"]
[SourceDate "2024.04.14"]
 
1. d4 Nf6 2. Nf3 g6 3. c4 Bg7 4. Nc3 O-O 5. e4 d6 6. Be2 Nbd7 7. Bg5 c6 8. Qd2
Qc7 9. Bh6 e5 10. Bxg7 Kxg7 11. h4 h5 12. Ng5 Rh8 13. f4 Nf8 14. Rf1 Bg4 15.
O-O-O N8d7 16. Bxg4 hxg4 17. g3 Raf8 18. Ne2 Re8 19. c5 exd4 20. cxd6 Qxd6 21.
Nxd4 Qc5+ 22. Kb1 Nb6 23. Rc1 Qe7 24. Rfe1 Rhf8 25. e5 Nfd5 26. Qe2 Qb4 27.
Red1 Na4 28. Ka1 Re7 29. Rc4 Qa5 30. h5 Rh8 31. hxg6 b5 32. Rxc6 fxg6 33. Qc2
Rh6 34. Nde6+ Rxe6 35. Nxe6+ Kf7 36. Ng5+ Kg7 37. Rxd5 Rh1+ 38. Rd1 1-0